[Event "Dubai Police op-A"]
[Site "Dubai"]
[Date "2024.05.09"]
[Round "6"]
[White "Yakubboev, Nodirbek"]
[Black "Srihari, LR."]
[Result "1-0"]
[WhiteElo "2665"]
[BlackElo "2491"]
[PlyCount "57"]
[EventDate "2024.05.04"]
[EventType "swiss"]
[EventRounds "9"]
[EventCountry "UAE"]
[SourceTitle "CB20_2024"]
[SourceDate "2024.05.16"]
[SourceVersion "1"]
[SourceVersionDate "2024.05.16"]
[SourceQuality "1"]

1. e4 e6 2. d4 d5 3. e5 c5 4. c3 Nc6 5. Nf3 Qb6 6. Bd3 cxd4 7. 0-0 Bd7 8. Re1 Nge7 9. h4 a6 10. h5 g6 11. Nbd2 gxh5 12. c4 Nb4 13. Bb1 d3 14. a3 Nc2 15. Bxc2 dxc2 16. Qxc2 Rc8 17. Qd3 Qc7 18. cxd5 Nxd5 19. Nd4 Bh6 20. Ne4 Bxc1 21. Nd6+ Kf8 22. Raxc1 Qxc1 23. Rxc1 Rxc1+ 24. Kh2 h6 25. Nxb7 Rg8 26. Qd2 Rf1 27. Qxh6+ Rg7 28. Nc5 Rxf2 29. Qh8+ 1-0

[Event "Dubai Police op-A"]
[Site "Dubai"]
[Date "2024.05.07"]
[Round "4"]
[White "Yakubboev, Nodirbek"]
[Black "Iniyan, Panneerseluam"]
[Result "1/2-1/2"]
[WhiteElo "2665"]
[BlackElo "2497"]
[PlyCount "119"]
[EventDate "2024.05.04"]
[EventType "swiss"]
[EventRounds "9"]
[EventCountry "UAE"]
[SourceTitle "CB20_2024"]
[SourceDate "2024.05.16"]
[SourceVersion "1"]
[SourceVersionDate "2024.05.16"]
[SourceQuality "1"]

1. e4 c5 2. Nf3 d6 3. d4 cxd4 4. Nxd4 Nf6 5. Nc3 a6 6. Bg5 e6 7. f4 Nbd7 8. Qe2 Qc7 9. 0-0-0 b5 10. a3 Rb8 11. g4 h6 12. Bxf6 Nxf6 13. Bg2 Be7 14. h4 Nd7 15. g5 hxg5 16. hxg5 Rxh1 17. Bxh1 b4 18. axb4 Rxb4 19. g6 Nc5 20. gxf7+ Kf8 21. e5 Qa5 22. Nc6 Qa1+ 23. Kd2 Qxb2 24. Nxb4 Qxb4 25. Qe3 dxe5 26. Rb1 exf4 27. Rxb4 fxe3+ 28. Kxe3 Kxf7 29. Rb8 Bd7 30. Ne4 a5 31. Kd4 Nxe4 32. Bxe4 Kf6 33. Rb6 Bd8 34. Rb7 e5+ 35. Kd3 Be6 36. c4 Be7 37. Rb6 Bd8 38. Ra6 Ke7 39. c5 Bc7 40. Ra8 Kd7 41. Kc3 Bd8 42. Kb2 g5 43. Ka3 g4 44. Ka4 g3 45. Kb5 Bh3 46. c6+ Ke7 47. Ra7+ Kd6 48. Rg7 Bf1+ 49. Ka4 g2 50. Rd7+ Kc5 51. Rd5+ Kb6 52. Bxg2 Bxg2 53. Rxd8 Bxc6+ 54. Kb3 Kc5 55. Kc3 e4 56. Rg8 a4 57. Rg5+ Bd5 58. Re5 a3 59. Rxe4 Bxe4 60. Kb3 1/2-1/2

[Event "Dubai Police op-A"]
[Site "Dubai"]
[Date "2024.05.06"]
[Round "3"]
[White "Yakubboev, Nodirbek"]
[Black "Mamedov, Edgar"]
[Result "1-0"]
[WhiteElo "2665"]
[BlackElo "2414"]
[PlyCount "249"]
[EventDate "2024.05.04"]
[EventType "swiss"]
[EventRounds "9"]
[EventCountry "UAE"]
[SourceTitle "CB20_2024"]
[SourceDate "2024.05.16"]
[SourceVersion "1"]
[SourceVersionDate "2024.05.16"]
[SourceQuality "1"]

1. c4 e6 2. Nc3 d5 3. d4 a6 4. cxd5 exd5 5. Nf3 h6 6. Bf4 Nf6 7. e3 Bd6 8. Be5 c6 9. Bd3 0-0 10. h3 Re8 11. 0-0 Bxe5 12. Nxe5 c5 13. Qf3 Qd6 14. Rad1 cxd4 15. exd4 Nbd7 16. Ng4 Nxg4 17. Qxg4 Nf6 18. Qh4 Bd7 19. f3 Re3 20. Rfe1 Rae8 21. Rxe3 Rxe3 22. Qf2 Re8 23. g4 g6 24. Kg2 Kg7 25. Re1 Qf4 26. Rxe8 Bxe8 27. Nd1 Bc6 28. Qe3 Qxe3 29. Nxe3 Ne8 30. Kf2 Nc7 31. Ng2 Ne6 32. Ke3 Bd7 33. h4 Kf6 34. f4 Ng7 35. g5+ hxg5 36. fxg5+ Ke7 37. Kf4 Kd6 38. Ne1 Ne6+ 39. Ke3 Be8 40. Bf1 Ng7 41. Nf3 Bd7 42. b4 Ba4 43. Ne5 Nf5+ 44. Kf4 Be8 45. Nf3 Ng7 46. Bd3 Ne6+ 47. Ke3 Ke7 48. Bf1 Ng7 49. Kf4 Kd6 50. a3 Nh5+ 51. Ke3 Ng7 52. Bd3 Bd7 53. Ne5 Be8 54. Ng4 Bd7 55. Nh6 Be6 56. a4 Ke7 57. Kf4 Kd6 58. a5 Nh5+ 59. Kf3 Ng7 60. Ke3 Ne8 61. Kf4 Ng7 62. Be2 Ne8 63. Bd1 Ng7 64. Bf3 Ne8 65. Be2 Ng7 66. b5 axb5 67. Bxb5 Nh5+ 68. Kf3 Ng7 69. Ke3 Kc7 70. Be2 Kd6 71. Kf4 Ne8 72. Bd1 Ng7 73. Bf3 Ne8 74. Ng4 Ng7 75. Ne3 Ne8 76. Bd1 Ng7 77. Bb3 Nh5+ 78. Kf3 Ng7 79. Ke2 Nh5 80. Bc2 Kc6 81. Ba4+ Kd6 82. Kf3 Ng7 83. Bb3 Nh5 84. Nf1 Ng7 85. Ng3 Bd7 86. Ke3 Bg4 87. Ba4 Bd7 88. Bd1 Be6 89. Kd2 Bd7 90. Kc3 Be6 91. Bf3 Bd7 92. Ne2 Ne6 93. Nc1 Nd8 94. Nd3 Nc6 95. Nb4 Ne7 96. Bg2 Be6 97. Bf3 Nf5 98. h5 gxh5 99. Bxh5 Ng7 100. Bf3 Ne8 101. Nd3 Nc7 102. Nc5 Nb5+ 103. Kd3 Bc8 104. Bd1 Kc7 105. Bb3 Kd6 106. Ke3 Nc7 107. Bd1 Ne8 108. Bh5 Ke7 109. Kf4 Nd6 110. Bg4 Bxg4 111. Kxg4 Nb5 112. Nxb7 Nxd4 113. a6 Nb5 114. Kf5 Nd4+ 115. Kf4 Nb5 116. Ke5 d4 117. Nc5 Na7 118. Nd3 Nb5 119. Nf4 Kd7 120. Kf6 Ke8 121. Nd3 Nc7 122. a7 Kf8 123. Nb4 Kg8 124. Ke7 Kg7 125. Kd7 1-0

[Event "Dubai Police op-A"]
[Site "Dubai"]
[Date "2024.05.04"]
[Round "1"]
[White "Ravi, Teja Sanka"]
[Black "Yakubboev, Nodirbek"]
[Result "1-0"]
[WhiteElo "2419"]
[BlackElo "2665"]
[PlyCount "79"]
[EventDate "2024.05.04"]
[EventType "swiss"]
[EventRounds "9"]
[EventCountry "UAE"]
[SourceTitle "CB20_2024"]
[SourceDate "2024.05.16"]
[SourceVersion "1"]
[SourceVersionDate "2024.05.16"]
[SourceQuality "1"]

1. e4 c5 2. Nf3 Nc6 3. d4 cxd4 4. Nxd4 Qb6 5. Nxc6 bxc6 6. Bd3 g6 7. 0-0 Bg7 8. Na3 Nf6 9. Nc4 Qc7 10. Qf3 d5 11. Bf4 Qb7 12. exd5 cxd5 13. Ne3 d4 14. Qxb7 Bxb7 15. Nc4 Nd5 16. Bd6 Rc8 17. Rfe1 Kf8 18. Ba3 h5 19. Na5 Ba8 20. Nb3 Bf6 21. Bc5 Nf4 22. Be4 Ne6 23. Bxa7 Kg7 24. Rad1 Rhd8 25. Bb6 Rd6 26. Bxa8 Rxa8 27. Ba5 Rc6 28. c3 dxc3 29. bxc3 h4 30. g3 h3 31. Re3 g5 32. Rd5 Rc4 33. a3 Kg6 34. Bb4 Rac8 35. Rdd3 g4 36. Nd2 R4c7 37. Re4 Kf5 38. Rd5+ Kg6 39. Rxg4+ Kh7 40. Rh5# 1-0

[Event "UZB-ch"]
[Site "Tashkent"]
[Date "2024.04.20"]
[Round "2"]
[White "Yakubboev, Nodirbek"]
[Black "Tillyaev, Ulugbek"]
[Result "1-0"]
[WhiteElo "2665"]
[BlackElo "2263"]
[PlyCount "89"]
[EventDate "2024.04.20"]
[EventType "tourn (rapid)"]
[EventRounds "23"]
[EventCountry "UZB"]
[EventCategory "5"]
[SourceTitle "CB18_2024"]
[SourceDate "2024.05.01"]
[SourceVersion "1"]
[SourceVersionDate "2024.05.01"]
[SourceQuality "2"]

1. d4 Nf6 2. c4 e6 3. Nf3 d5 4. Nc3 Nbd7 5. Qc2 c6 6. e3 Bd6 7. Be2 0-0 8. 0-0 dxc4 9. a4 Qe7 10. Bxc4 e5 11. h3 e4 12. Nd2 Nb6 13. Bb3 Bf5 14. f3 Rae8 15. g4 Bg6 16. f4 h6 17. a5 Nbd5 18. Nc4 a6 19. Nxd6 Qxd6 20. Qh2 Qb4 21. Bxd5 Nxd5 22. f5 Bh7 23. Bd2 Nxc3 24. Bxc3 Qb5 25. f6 Rd8 26. fxg7 Rfe8 27. Qf4 Qd5 28. Qxh6 Rd6 29. Qh4 Kxg7 30. Rf4 Rh6 31. Qg3 Bg6 32. h4 f6 33. Raf1 Bh7 34. g5 fxg5 35. hxg5 Rg6 36. Rf5 Qd7 37. d5+ Kg8 38. Qf4 Qe7 39. dxc6 bxc6 40. Bf6 Qd7 41. Bc3 Qd6 42. Qh4 Qe7 43. Rf6 Rg7 44. Qh6 Qd7 45. R6f4 1-0

[Event "Wch Blitz"]
[Site "Samarkand"]
[Date "2023.12.30"]
[Round "12"]
[White "Yakubboev, Nodirbek"]
[Black "Caruana, Fabiano"]
[Result "0-1"]
[WhiteElo "2661"]
[BlackElo "2794"]
[PlyCount "164"]
[EventDate "2023.12.29"]
[EventType "swiss (blitz)"]
[EventRounds "21"]
[EventCountry "UZB"]
[SourceTitle "CB01_2024"]
[SourceDate "2024.01.03"]
[SourceVersion "1"]
[SourceVersionDate "2024.01.03"]
[SourceQuality "1"]

1. c4 e5 2. Nc3 Nf6 3. e3 Bb4 4. Nge2 0-0 5. a3 Be7 6. d4 exd4 7. Qxd4 a5 8. b3 Na6 9. Nf4 Nc5 10. Qd1 d6 11. Be2 Bf5 12. g4 Be4 13. 0-0 Bc6 14. f3 Nfd7 15. e4 Bf6 16. Bb2 Be5 17. Ng2 Ne6 18. Rb1 Nf4 19. Nd5 Bxd5 20. cxd5 Qf6 21. Bc1 g5 22. Ne3 Bd4 23. Kh1 Bxe3 24. Bxe3 Ne5 25. Qd2 Kg7 26. Rbc1 Rac8 27. Bd1 Rh8 28. h4 h6 29. h5 c5 30. dxc6 bxc6 31. Qxa5 Ra8 32. Qd2 Rxa3 33. Rc3 Rha8 34. Bc2 c5 35. Kh2 Ra2 36. Kg3 Rb2 37. Bxf4 gxf4+ 38. Qxf4 Qe7 39. Rb1 Rxb1 40. Bxb1 Ra1 41. Rc1 Qb7 42. Qe3 Qb4 43. g5 Ra8 44. f4 Nc6 45. Qd3 Qd4 46. e5 Qxd3+ 47. Bxd3 Ra3 48. Be4 Rxb3+ 49. Kg4 Nd8 50. exd6 Rb4 51. Kf5 Ne6 52. gxh6+ Kxh6 53. Ke5 Rd4 54. f5 Ng5 55. Bh1 f6+ 56. Kxf6 Rxd6+ 57. Ke7 Rd2 58. Rxc5 Re2+ 59. Kf6 Nh7+ 60. Kf7 Ng5+ 61. Kf6 Nh7+ 62. Kf7 Ng5+ 63. Kf8 Nh7+ 64. Kf7 Ng5+ 65. Kf8 Nh7+ 66. Kg8 Nf6+ 67. Kf7 Nh7 68. f6 Ng5+ 69. Kf8 Ne6+ 70. Kg8 Nxc5 71. f7 Nd7 72. Bc6 Nf6+ 73. Kh8 Nh7 74. Kg8 Rc2 75. Be8 Rg2+ 76. Kh8 Nf8 77. Bc6 Rg3 78. Be4 Kxh5 79. Bf5 Kh6 80. Bh7 Rg7 81. Bd3 Rxf7 82. Kg8 Rf2 0-1

[Event "Wch Blitz"]
[Site "Samarkand"]
[Date "2023.12.29"]
[Round "10"]
[White "Andreikin, Dmitry"]
[Black "Yakubboev, Nodirbek"]
[Result "0-1"]
[WhiteElo "2729"]
[BlackElo "2661"]
[PlyCount "150"]
[EventDate "2023.12.29"]
[EventType "swiss (blitz)"]
[EventRounds "21"]
[EventCountry "UZB"]
[SourceTitle "CB01_2024"]
[SourceDate "2024.01.03"]
[SourceVersion "1"]
[SourceVersionDate "2024.01.03"]
[SourceQuality "1"]

1. d4 Nf6 2. c4 e6 3. Nf3 d5 4. Bg5 h6 5. Bxf6 Qxf6 6. e3 g6 7. Qc2 c6 8. Nbd2 Nd7 9. Bd3 Bg7 10. 0-0 0-0 11. e4 dxc4 12. Nxc4 Qe7 13. e5 c5 14. Rfe1 cxd4 15. Nxd4 Rd8 16. Qc3 Nb6 17. Nxb6 axb6 18. Nf3 Bd7 19. Be4 Be8 20. h4 Rdc8 21. Qb3 b5 22. Rac1 b4 23. g3 Rab8 24. Qe3 Ra8 25. Qb6 Bf8 26. Qxb7 Qxb7 27. Bxb7 Rxc1 28. Rxc1 Rxa2 29. Rc8 Bd7 30. Rd8 Ba4 31. Rd2 b3 32. h5 gxh5 33. Kg2 Kg7 34. Be4 Bb5 35. Nd4 Bb4 36. Rd1 Bc4 37. Nc6 Bf8 38. Rd7 Bb5 39. Rd2 Ba3 40. Nd4 Ba4 41. Nf3 Bxb2 42. Rd8 Ba3 43. Ra8 Bc5 44. Rc8 Rxf2+ 45. Kh3 Be3 46. Rb8 b2 47. Rb4 Bd1 48. Nh2 Bc5 49. Rb5 Bd4 50. Bb1 Be2 51. Rb4 Bc3 52. Re4 Bb5 53. Re3 Bd4 54. Re4 Bc5 55. g4 hxg4+ 56. Nxg4 Rf1 57. Nf6 h5 58. Nxh5+ Kf8 59. Bc2 Rh1+ 60. Kg4 b1Q 61. Bxb1 Rxb1 62. Nf6 Be7 63. Nh5 Bc6 64. Rc4 Rb6 65. Nf4 Ke8 66. Rc1 Kd7 67. Rd1+ Ke8 68. Rc1 Be4 69. Rc8+ Kd7 70. Rc4 Bf5+ 71. Kh5 Rb5 72. Rd4+ Ke8 73. Kh6 Bf8+ 74. Kg5 Rxe5 75. Kf6 Rb5 0-1

[Event "Wch Blitz"]
[Site "Samarkand"]
[Date "2023.12.29"]
[Round "9"]
[White "Yakubboev, Nodirbek"]
[Black "Ter Sahakyan, Samvel"]
[Result "1-0"]
[WhiteElo "2661"]
[BlackElo "2643"]
[PlyCount "88"]
[EventDate "2023.12.29"]
[EventType "swiss (blitz)"]
[EventRounds "21"]
[EventCountry "UZB"]
[SourceTitle "CB01_2024"]
[SourceDate "2024.01.03"]
[SourceVersion "1"]
[SourceVersionDate "2024.01.03"]
[SourceQuality "1"]

1. d4 Nf6 2. Bg5 d5 3. e3 c5 4. c3 Qb6 5. Qb3 c4 6. Qc2 Ne4 7. Bf4 Bf5 8. Qc1 Nc6 9. f3 Nf6 10. Nd2 e6 11. e4 Bg6 12. h4 h6 13. Nh3 Be7 14. Bg3 Bh7 15. Nf4 0-0 16. e5 Nd7 17. Bf2 Qc7 18. Ne2 f6 19. f4 fxe5 20. fxe5 b5 21. Nf3 Be4 22. Rh3 b4 23. Nf4 bxc3 24. bxc3 Bf5 25. g4 Bxg4 26. Rg3 Ndxe5 27. dxe5 Nxe5 28. Rxg4 Nxg4 29. Nxe6 Qd6 30. Nxf8 Rxf8 31. Bg2 Qe6+ 32. Kf1 Nxf2 33. Kxf2 Bxh4+ 34. Kg1 Bd8 35. Nd4 Qe5 36. Qe1 Qg5 37. Qe6+ Kh8 38. Rf1 Bf6 39. Nf3 Qg3 40. Ne5 Kh7 41. Qf5+ Kg8 42. Qe6+ Kh7 43. Qf5+ Kg8 44. Qe6+ Kh7 1-0

[Event "Wch Rapid"]
[Site "Samarkand"]
[Date "2023.12.28"]
[Round "11"]
[White "Zvjaginsev, Vadim"]
[Black "Yakubboev, Nodirbek"]
[Result "1/2-1/2"]
[WhiteElo "2567"]
[BlackElo "2661"]
[PlyCount "269"]
[EventDate "2023.12.26"]
[EventType "swiss (rapid)"]
[EventRounds "13"]
[EventCountry "UZB"]
[SourceTitle "CB01_2024"]
[SourceDate "2024.01.03"]
[SourceVersion "1"]
[SourceVersionDate "2024.01.03"]
[SourceQuality "1"]

1. d4 Nf6 2. Nf3 g6 3. g3 Bg7 4. Bg2 0-0 5. 0-0 d6 6. Re1 Ne4 7. Nbd2 Nxd2 8. Bxd2 e5 9. dxe5 dxe5 10. Bb4 Re8 11. Qxd8 Rxd8 12. Rad1 Re8 13. Nd2 a5 14. Bc3 Nd7 15. Nc4 e4 16. Bd4 f5 17. f3 Bxd4+ 18. Rxd4 Nc5 19. fxe4 fxe4 20. Nd2 Bf5 21. g4 Rad8 22. Rxd8 Rxd8 23. Nb3 Nxb3 24. axb3 Bxg4 25. Bxe4 b6 26. Kf2 Kg7 27. Rg1 Be6 28. Bd3 Rd5 29. h4 Rh5 30. Kg3 g5 31. Kf2 h6 32. hxg5 Rxg5 33. Rh1 h5 34. e4 Kf6 35. Be2 Rc5 36. c3 Kg6 37. b4 axb4 38. cxb4 Rc2 39. Ke3 Rxb2 40. Rc1 h4 41. Rc6 Kf7 42. Rxc7+ Kf6 43. Rh7 h3 44. b5 Kg6 45. Rh8 Kg7 46. Rh4 Kf6 47. Rh6+ Kg5 48. Rh5+ Kg6 49. Rh8 Bd7 50. Bf1 Kg5 51. Rg8+ Kh4 52. Kf3 Be6 53. Rg6 Bf7 54. Rg4+ Kh5 55. Bxh3 Rb3+ 56. Kg2 Rxh3 57. Rg7 Be6 58. Rb7 Re3 59. Rxb6 Rxe4 60. Kf3 Re1 61. Rd6 Kg5 62. b6 Bg4+ 63. Kf2 Re2+ 64. Kf1 Rb2 65. Rd4 Kh4 66. Ke1 Kg3 67. b7 Bf3 68. b8Q+ Rxb8 69. Kd2 Kf2 70. Rh4 Rd8+ 71. Kc3 Ke2 72. Rh2+ Ke3 73. Rh3 Rc8+ 74. Kb3 Ke4 75. Rg3 Be2 76. Rh3 Bd3 77. Rh4+ Kd5 78. Kb4 Be4 79. Rh5+ Kd4 80. Rh4 Rb8+ 81. Ka4 Kd5 82. Ka3 Rb1 83. Rg4 Rb6 84. Rh4 Bd3 85. Rb4 Bb5 86. Kb3 Kc5 87. Rh4 Bc4+ 88. Kc2 Re6 89. Rh8 Re2+ 90. Kc3 Re3+ 91. Kd2 Rd3+ 92. Kc2 Rd7 93. Kc3 Rd3+ 94. Kc2 Rf3 95. Rc8+ Kb4 96. Rb8+ Bb5 97. Kd2 Rd3+ 98. Kc2 Re3 99. Rd8 Re2+ 100. Rd2 Re5 101. Rd8 Re2+ 102. Rd2 Re8 103. Rd6 Kc4 104. Kd2 Kc5 105. Rh6 Kb4 106. Rh2 Re4 107. Rg2 Bc4 108. Rh2 Kc5 109. Rh8 Ba6 110. Kc3 Re3+ 111. Kd2 Rd3+ 112. Kc2 Rf3 113. Rh4 Bc4 114. Rh8 Bd3+ 115. Kd2 Be4 116. Rd8 Kc4 117. Rc8+ Kd4 118. Rd8+ Bd5 119. Rd7 Rf8 120. Rd6 Rg8 121. Rd7 Rh8 122. Rd6 Rh2+ 123. Kd1 Ke4 124. Kc1 Bc4 125. Rd2 Rh1+ 126. Kc2 Bb5 127. Kc3 Rc1+ 128. Kb4 Bd3 129. Rh2 Kd4 130. Rh4+ Be4 131. Rg4 Rb1+ 132. Ka4 Kd3 133. Ka5 Bd5 134. Rb4 Rxb4 135. Kxb4 1/2-1/2

[Event "Tashkent Zakovat Gambit"]
[Site "Tashkent"]
[Date "2023.11.18"]
[Round "2"]
[White "Kramnik, Vladimir"]
[Black "Yakubboev, Nodirbek"]
[Result "0-1"]
[WhiteElo "2753"]
[BlackElo "2617"]
[PlyCount "118"]
[EventDate "2023.11.18"]
[EventType "tourn (blitz)"]
[EventRounds "14"]
[EventCountry "UZB"]
[EventCategory "13"]
[SourceTitle "CB48_2023"]
[SourceDate "2023.11.29"]
[SourceVersion "1"]
[SourceVersionDate "2023.11.29"]
[SourceQuality "1"]

1. e4 e5 2. Nf3 Nc6 3. Bc4 Bc5 4. d3 Nf6 5. Nc3 h6 6. 0-0 0-0 7. Nd5 d6 8. c3 Nxd5 9. Bxd5 Ne7 10. Bb3 Ng6 11. d4 Bb6 12. h3 Re8 13. Re1 Be6 14. Bc2 c6 15. Be3 Bc7 16. dxe5 dxe5 17. Qxd8 Rexd8 18. a4 a5 19. Red1 f6 20. h4 h5 21. g3 Kf7 22. Kg2 Nf8 23. Ne1 Rxd1 24. Bxd1 g6 25. Be2 Bd6 26. Nc2 Nd7 27. Na3 Bc5 28. Bd2 Nb6 29. Nc2 Bb3 30. Ne3 Rd8 31. Bc1 Ke6 32. g4 hxg4 33. Bxg4+ Kf7 34. h5 gxh5 35. Bxh5+ Ke6 36. Bg4+ Kf7 37. Nf5 Bxa4 38. Bh5+ Ke6 39. Bg4 Kf7 40. Kg3 Bc2 41. Be3 Bxe3 42. Nxe3 Bxe4 43. Rxa5 Nd5 44. Ra7 Nxe3 45. Rxb7+ Kg6 46. fxe3 Rd3 47. Be2 Rxe3+ 48. Kf2 Rh3 49. b4 Rxc3 50. Rc7 Rc2 51. Ke3 f5 52. Rd7 Kg5 53. Rg7+ Kf6 54. Rd7 Rc3+ 55. Kd2 Rb3 56. Bc4 Rxb4 57. Kc3 Rb8 58. Rd6+ Kg5 59. Re6 Kf4 0-1

[Event "Tashkent Zakovat Gambit"]
[Site "Tashkent"]
[Date "2023.11.18"]
[Round "1"]
[White "Yakubboev, Nodirbek"]
[Black "Saydaliev, Saidakbar"]
[Result "1-0"]
[WhiteElo "2617"]
[BlackElo "2426"]
[PlyCount "105"]
[EventDate "2023.11.18"]
[EventType "tourn (blitz)"]
[EventRounds "14"]
[EventCountry "UZB"]
[EventCategory "13"]
[SourceTitle "CB48_2023"]
[SourceDate "2023.11.29"]
[SourceVersion "1"]
[SourceVersionDate "2023.11.29"]
[SourceQuality "1"]

1. e4 e5 2. Nf3 Nc6 3. Bb5 a6 4. Ba4 Nf6 5. 0-0 Nxe4 6. d4 b5 7. Bb3 d5 8. dxe5 Be6 9. Qe2 Be7 10. c3 0-0 11. Rd1 Nc5 12. Bc2 b4 13. Nd4 Nxd4 14. cxd4 Nd7 15. f4 f5 16. Be3 Qb8 17. Nd2 a5 18. Ba4 Nb6 19. Bc6 Ra7 20. Rac1 g6 21. Bf2 Qc8 22. Nb3 Bd7 23. Bxd7 Qxd7 24. Nc5 Qc8 25. b3 c6 26. Nd3 Qe6 27. Qe1 Rc8 28. Bh4 Nd7 29. Bxe7 Qxe7 30. Nc5 Nf8 31. Rc2 Rb8 32. Rdc1 Rc8 33. h3 g5 34. fxg5 Qxg5 35. Qf2 Rg7 36. Rf1 Qh5 37. Qxf5 Qe8 38. Rcf2 Ng6 39. e6 Nh4 40. Qf7+ Kh8 41. Qxe8+ Rxe8 42. Kh2 Ng6 43. g4 Rge7 44. Kg3 Kg7 45. Rf7+ Kh6 46. h4 Rxf7 47. Rxf7 Nf8 48. g5+ Kg6 49. Rf6+ Kg7 50. Kg4 Re7 51. h5 Ra7 52. Kf5 Re7 53. Ke5 1-0

[Event "FIDE Grand Swiss"]
[Site "Douglas"]
[Date "2023.11.05"]
[Round "11"]
[White "Firouzja, Alireza"]
[Black "Yakubboev, Nodirbek"]
[Result "1/2-1/2"]
[WhiteElo "2777"]
[BlackElo "2616"]
[PlyCount "92"]
[EventDate "2023.10.25"]
[EventType "swiss"]
[EventRounds "11"]
[EventCountry "IOM"]
[SourceTitle "Mega2024 Update 01"]
[Source "Chessbase"]
[SourceDate "2023.11.12"]
[SourceVersion "1"]
[SourceVersionDate "2023.11.12"]
[SourceQuality "1"]

1. e4 e5 2. Nf3 Nc6 3. Bb5 a6 4. Ba4 Nf6 5. 0-0 Nxe4 6. d4 b5 7. Bb3 d5 8. dxe5 Be6 9. Nbd2 Nc5 10. c3 Be7 11. Bc2 d4 12. Nb3 dxc3 13. Nxc5 Bxc5 14. Be4 Qd7 15. Bg5 h6 16. Qc2 hxg5 17. Rad1 Nb4 18. Qxc3 Bxf2+ 19. Kxf2 Nd5 20. Qc5 c6 21. Nxg5 Qa7 22. Rc1 Qxc5+ 23. Rxc5 Rc8 24. Kg3 Ke7 25. Rfc1 Kd7 26. Bf3 Ne7 27. b3 Rh6 28. Be4 Bd5 29. Bxd5 Nxd5 30. h4 Rg6 31. Kf3 Rh6 32. g3 Rhh8 33. Kg2 Rhf8 34. Kh3 f6 35. e6+ Ke7 36. Nf3 Rfd8 37. Nd4 Nf4+ 38. gxf4 Rxd4 39. Rxc6 Rxc6 40. Rxc6 Rxf4 41. Rxa6 g5 42. hxg5 fxg5 43. Kg3 Re4 44. Rb6 Re2 45. Rxb5 Rxa2 46. Rxg5 Kxe6 1/2-1/2

[Event "FIDE Grand Swiss"]
[Site "Douglas"]
[Date "2023.11.02"]
[Round "8"]
[White "Yakubboev, Nodirbek"]
[Black "Praggnanandhaa, Rameshbabu"]
[Result "1/2-1/2"]
[WhiteElo "2616"]
[BlackElo "2738"]
[PlyCount "253"]
[EventDate "2023.10.25"]
[EventType "swiss"]
[EventRounds "11"]
[EventCountry "IOM"]
[SourceTitle "Mega2024 Update 01"]
[Source "Chessbase"]
[SourceDate "2023.11.12"]
[SourceVersion "1"]
[SourceVersionDate "2023.11.12"]
[SourceQuality "1"]

1. d4 Nf6 2. Nf3 d5 3. c4 e6 4. Nc3 c6 5. e3 Be7 6. Qc2 0-0 7. b3 dxc4 8. Bxc4 b5 9. Bd3 Na6 10. Be2 Nb4 11. Qb2 Nbd5 12. 0-0 a6 13. Ne5 Bb7 14. Nd3 Qb6 15. Bd2 Nxc3 16. Bxc3 b4 17. Bd2 a5 18. Rfc1 Ba6 19. Rc2 Bb5 20. Be1 Nd7 21. Rac1 Rac8 22. Nc5 Nxc5 23. dxc5 Qa6 24. Bxb5 Qxb5 25. Rc4 Rfd8 26. a3 bxa3 27. Qxa3 Ra8 28. h3 Rdb8 29. R1c3 Bf6 30. Rd3 a4 31. Rxa4 Rxa4 32. bxa4 Qb1 33. Kf1 Kf8 34. Rd2 Rb3 35. Qa2 Bc3 36. Re2 Qxa2 37. Rxa2 Rb1 38. Re2 Ra1 39. f4 Bxe1 40. Rxe1 Rxa4 41. Rb1 Rc4 42. Rb8+ Ke7 43. Rb7+ Kf6 44. Rc7 Rxc5 45. Kf2 h6 46. Kf3 g5 47. g3 Rc4 48. h4 gxh4 49. gxh4 h5 50. Ke2 Rc5 51. Kf3 Rc1 52. Ke4 c5 53. Rc6 Kg6 54. Ke5 Kg7 55. Ke4 Kf6 56. Rc7 Kg6 57. Rc8 Kg7 58. Rc7 c4 59. Rc5 Kh6 60. Kd4 Rh1 61. Rxc4 Rxh4 62. Ke5 Kg7 63. Rc7 Rh3 64. e4 Rf3 65. f5 exf5 66. exf5 Rg3 67. Rb7 Rg4 68. f6+ Kg6 69. Rb8 Rg5+ 70. Kf4 Ra5 71. Kg3 Ra3+ 72. Kh4 Ra4+ 73. Kg3 Kxf6 74. Rb6+ Kg5 75. Rb5+ f5 76. Rb8 h4+ 77. Kh3 Ra3+ 78. Kg2 Kg4 79. Rg8+ Kf4 80. Rh8 h3+ 81. Kh2 Re3 82. Ra8 Ke4 83. Ra4+ Ke5 84. Ra5+ Kf6 85. Ra6+ Kg5 86. Ra8 f4 87. Rg8+ Kf5 88. Rf8+ Ke4 89. Ra8 Kf5 90. Rf8+ Kg4 91. Rg8+ Kf3 92. Ra8 Kf2 93. Ra1 Re1 94. Ra2+ Kf1 95. Ra3 Re2+ 96. Kh1 Kf2 97. Kh2 Re8 98. Ra2+ Kf3 99. Ra7 Rb8 100. Ra6 Rb1 101. Ra8 Re1 102. Ra7 Re5 103. Ra8 Re3 104. Kxh3 Ke2+ 105. Kh2 f3 106. Ra1 Kf2 107. Rb1 Re8 108. Rb2+ Re2 109. Rb1 Ra2 110. Kh3 Ke3 111. Kg3 Ke2 112. Kh3 Kf2 113. Kh2 Rd2 114. Ra1 Re2 115. Rb1 Re3 116. Ra1 Re1 117. Ra2+ Ke3 118. Ra3+ Kf4 119. Ra4+ Re4 120. Ra8 Re1 121. Ra4+ Ke3 122. Ra3+ Ke2 123. Ra2+ Kf1 124. Kg3 Re3 125. Rf2+ Ke1 126. Rxf3 Rxf3+ 127. Kxf3 1/2-1/2

[Event "FIDE Grand Swiss"]
[Site "Douglas"]
[Date "2023.10.25"]
[Round "1"]
[White "Martirosyan, Haik M"]
[Black "Yakubboev, Nodirbek"]
[Result "1-0"]
[WhiteElo "2696"]
[BlackElo "2616"]
[PlyCount "71"]
[EventDate "2023.10.25"]
[EventType "swiss"]
[EventRounds "11"]
[EventCountry "IOM"]
[SourceTitle "Mega2024 Update 01"]
[Source "Chessbase"]
[SourceDate "2023.11.12"]
[SourceVersion "1"]
[SourceVersionDate "2023.11.12"]
[SourceQuality "1"]

1. d4 Nf6 2. c4 e6 3. Nf3 d5 4. Nc3 c5 5. cxd5 cxd4 6. Qxd4 exd5 7. e4 dxe4 8. Qxd8+ Kxd8 9. Ng5 Be6 10. Nxe6+ fxe6 11. Bg5 Ke8 12. 0-0-0 Bb4 13. Bxf6 gxf6 14. Nxe4 Ke7 15. a3 Ba5 16. Bb5 a6 17. Ba4 b5 18. Bb3 Rc8+ 19. Kb1 Rc6 20. f4 Ra7 21. f5 exf5 22. Ng3 f4 23. Nf5+ Kf8 24. Rd4 Rc5 25. Rxf4 Bc7 26. Rf2 Nc6 27. Rd1 Ne5 28. Nd4 Ke7 29. Rf5 Bb6 30. g4 Rd7 31. g5 Rd6 32. Rff1 Nc4 33. Nf5+ Rxf5 34. Rxf5 Rxd1+ 35. Bxd1 Ne3 36. Rxf6 1-0